|
|
|
|
| LEADER |
00000naa2a2200000 4500 |
| 001 |
207803 |
| 005 |
20231031191254.0 |
| 035 |
|
|
|a (RuTPU)RU\TPU\book\226761
|
| 090 |
|
|
|a 207803
|
| 100 |
|
|
|a 20120127d2009 k y0rusy50 ca
|
| 101 |
0 |
|
|a rus
|
| 102 |
|
|
|a RU
|
| 200 |
1 |
|
|a К вопросу об экономической эффективности делового туризма (на примере XII инновационного форума
|f Е. В. Арляпова
|
| 320 |
|
|
|a Библиогр.: 1 назв.
|
| 463 |
|
0 |
|0 (RuTPU)RU\TPU\book\208739
|t Трансформация научных парадигм и коммуникативные практики в информационном социуме
|o сборник научных трудов, Томск, 20-21 октября 2009 г.
|f Томский политехнический университет (ТПУ) ; под ред. В. Г. Рубанова
|v С. 35-36
|d 2009
|p 363 с.
|
| 610 |
1 |
|
|a туризм
|
| 610 |
1 |
|
|a деловой туризм
|
| 610 |
1 |
|
|a экономическая эффективность
|
| 610 |
1 |
|
|a путешествия
|
| 610 |
1 |
|
|a туристическая деятельность
|
| 610 |
1 |
|
|a туристическая индустрия
|
| 610 |
1 |
|
|a доходы
|
| 610 |
1 |
|
|a труды учёных ТПУ
|
| 700 |
|
1 |
|a Арляпова
|b Е. В.
|c специалист в области социальных коммуникаций
|c доцент Томского политехнического университета, кандидат философских наук
|f 1971-
|g Елена Викторовна
|2 stltpush
|3 (RuTPU)RU\TPU\pers\24727
|
| 801 |
|
1 |
|a RU
|b 63413507
|c 20120127
|
| 801 |
|
2 |
|a RU
|b 63413507
|c 20121224
|g RCR
|
| 942 |
|
|
|c BK
|